Prentiss County geology (Record no. 29450)

MARC details
000 -LEADER
fixed length control field 01333cam a22003131 4500
001 - CONTROL NUMBER
control field gs 60000207
003 - CONTROL NUMBER IDENTIFIER
control field DLC
005 - DATE AND TIME OF LATEST TRANSACTION
control field 20260227111409.0
008 - FIXED-LENGTH DATA ELEMENTS--GENERAL INFORMATION
fixed length control field 781129s1960 msuab s000 0 eng
010 ## - LIBRARY OF CONGRESS CONTROL NUMBER
LC control number gs 60000207
035 ## - SYSTEM CONTROL NUMBER
System control number (OCoLC)4404084
040 ## - CATALOGING SOURCE
Original cataloging agency DLC
Transcribing agency MsSM
Modifying agency OCoLC
-- DLC
042 ## - AUTHENTICATION CODE
Authentication code premarc
050 00 - LIBRARY OF CONGRESS CALL NUMBER
Classification number QE129
Item number .A2 no. 87
100 1# - MAIN ENTRY--PERSONAL NAME
Personal name Parks, William Scott.
245 10 - TITLE STATEMENT
Title Prentiss County geology
Statement of responsibility, etc. [by] William Scott Parks. Ground-water resources [by] B. E. Ellison and E. H. Boswell.
260 ## - PUBLICATION, DISTRIBUTION, ETC.
Place of publication, distribution, etc. University,
Date of publication, distribution, etc. 1960.
300 ## - PHYSICAL DESCRIPTION
Extent 110, 44 p.
Other physical details illus., maps (part fold.) diagrs., profile, tables.
Dimensions 23 cm.
410 20 - SERIES STATEMENT/ADDED ENTRY--CORPORATE NAME [OBSOLETE, CAN/MARC], [LOCAL, USA]
Corporate name or jurisdiction name as entry element Mississippi Geological, Economic, and Topographical Survey
Title of a work Bulletin,
Volume number/sequential designation no. 87
500 ## - GENERAL NOTE
General note Prepared by the United States Geological Survey in cooperation with the Mississippi Board of Water Commissioners and the Mississippi Geological Survey.
504 ## - BIBLIOGRAPHY, ETC. NOTE
Bibliography, etc. note Bibliography: p. 105-110.
650 #0 - SUBJECT ADDED ENTRY--TOPICAL TERM
Topical term or geographic name entry element Geology
Geographic subdivision Mississippi
-- Prentiss County.
650 #0 - SUBJECT ADDED ENTRY--TOPICAL TERM
Topical term or geographic name entry element Groundwater
Geographic subdivision Mississippi
-- Prentiss County.
650 #0 - SUBJECT ADDED ENTRY--TOPICAL TERM
Topical term or geographic name entry element Water-supply
Geographic subdivision Mississippi
-- Prentiss County.
650 #0 - SUBJECT ADDED ENTRY--TOPICAL TERM
Topical term or geographic name entry element Borings
Geographic subdivision Mississippi
-- Prentiss County.
700 1# - ADDED ENTRY--PERSONAL NAME
Personal name Ellison, B. E.
Title of a work Ground-water resources of Prentiss County.
710 2# - ADDED ENTRY--CORPORATE NAME
Corporate name or jurisdiction name as entry element Geological Survey (U.S.)
740 0# - ADDED ENTRY--UNCONTROLLED RELATED/ANALYTICAL TITLE
Uncontrolled related/analytical title Ground-water resources of Prentiss County.

No items available.

Powered by Koha